Marketingová stratégia podniku

Saved in:
Bibliographic Details
Main Author: Jedlička, Milan
Format: Book
Language:Slovak
Published: Trnava MAGNA 1998
Subjects:
Tags: Add Tag
No Tags, Be the first to tag this record!

MARC

LEADER 00000nam a2200000 4500
001 c104280
005 20221109093937.5
020 |a 80-85722-06-2 
041 0 |a slo 
044 |a SK 
245 1 0 |a Marketingová stratégia podniku  |c Milan Jedlička 
264 1 |a Trnava  |b MAGNA  |c 1998 
300 |a 371 s. 
610 2 0 |a marketing 
610 2 0 |a stratégia marketingová 
610 2 0 |a stratégia podniková 
610 2 0 |a manažment strategický 
610 2 0 |a riadenie strategické 
610 2 0 |a modelovanie 
610 2 0 |a rozhodovanie strategické 
610 2 0 |a podnik 
610 2 0 |a tovar 
610 2 0 |a produkty 
610 2 0 |a marketing mix 
610 2 0 |a propagácia 
610 2 0 |a predaj 
610 2 0 |a reklama 
610 2 0 |a ceny 
610 2 0 |a distribúcia 
100 1 |a Jedlička, Milan